Les biblioteques som diàleg
Descripción Física:
1 ventall de cartró; il. col.
Otros Autores:
Barrios, Alexa
Materias:
Barcelona (Catalunya : Província). -- Xarxa de Biblioteques Municipals
; Biblioteques públiques -- Barcelona (Catalunya : Província)
; Objectes publicitaris
; Ventalls
Idioma:
Catalán
MARC
| LEADER | 00000nrm a22000007a 4500 | ||
|---|---|---|---|
| 001 | 25012 | ||
| 008 | 211122b spa||||| |||| 00| 0 cat d | ||
| 080 | |a NBM-12-23 | ||
| 110 | 1 | |a Barcelona (Catalunya : Província). |b Xarxa de Biblioteques Municipals |9 52650 | |
| 245 | |a Les biblioteques som diàleg |h [Ventall] | ||
| 260 | |a Barcelona : |b Diputació de Barcelona : Xarxa de Biblioteques Municipals ; |c [2018] | ||
| 300 | |a 1 ventall de cartró; |b il. col. | ||
| 610 | 1 | 0 | |a Barcelona (Catalunya : Província). |b Xarxa de Biblioteques Municipals |9 52650 |
| 650 | 0 | |a Biblioteques públiques |x Barcelona (Catalunya : Província) |9 49209 | |
| 650 | 0 | |a Objectes publicitaris |9 54098 | |
| 655 | 0 | |9 52933 |a Ventalls | |
| 700 | 1 | |a Barrios, Alexa |9 52414 | |
| 942 | |2 udc |c ARXIU |n 1 | ||
| 952 | |0 0 |1 0 |2 udc |4 0 |6 NBM1223 |7 1 |9 60824 |a Arxiu |b Arxiu |d 2021-11-22 |l 0 |o NBM-12-23 |p 25012 |r 2021-11-22 00:00:00 |w 2021-11-22 |y ARXIU | ||
| 952 | |0 0 |1 0 |2 udc |4 0 |6 NBM1621 |7 1 |9 64737 |a Arxiu |b Arxiu |d 2022-12-12 |l 0 |o NBM-16-21 |p 27094 |r 2022-12-12 00:00:00 |w 2022-12-12 |y ARXIU | ||
| 999 | |c 80956 |d 80956 | ||